Исследование влияния механической активации смеси порошков Fe и Ti на свойства спеченного материала; Перспективные материалы конструкционного и функционального назначения

Podrobná bibliografie
Parent link:Перспективные материалы конструкционного и функционального назначения.— 2022.— [С. 222-224]
Hlavní autor: Мань Диэр
Korporativní autor: Национальный исследовательский Томский политехнический университет Инженерная школа новых производственных технологий Отделение материаловедения
Další autoři: Мячин Ю. В. Юрий Владимирович
Shrnutí:Заглавие с экрана
Jazyk:ruština
Vydáno: 2022
Edice:Функциональные материалы
Témata:
On-line přístup:http://earchive.tpu.ru/handle/11683/74162
Médium: Elektronický zdroj Kapitola
KOHA link:https://koha.lib.tpu.ru/cgi-bin/koha/opac-detail.pl?biblionumber=635202

MARC

LEADER 00000naa2a2200000 4500
001 635202
005 20240123135527.0
035 |a (RuTPU)RU\TPU\conf\37048 
035 |a RU\TPU\conf\37046 
090 |a 635202 
100 |a 20221130d2022 k y0rusy50 ca 
101 0 |a rus 
102 |a RU 
105 |a y z 101zy 
135 |a drcn ---uucaa 
181 0 |a i  
182 0 |a b 
200 1 |a Исследование влияния механической активации смеси порошков Fe и Ti на свойства спеченного материала  |f Мань Диэр, Ю. В. Мячин 
203 |a Текст  |c электронный 
225 1 |a Функциональные материалы 
300 |a Заглавие с экрана 
320 |a [Библиогр.: с. 224 (4 назв.)] 
463 0 |0 (RuTPU)RU\TPU\conf\36996  |t Перспективные материалы конструкционного и функционального назначения  |o сборник научных трудов Международной научно-технической молодежной конференции, Томск, 17–21 октября 2022 г.  |f Национальный исследовательский Томский политехнический университет ; ред. кол. С. П. Буякова, Б. С. Зенин, И. Э. Васильева, Е. А. Даренская  |v [С. 222-224]  |d 2022 
610 1 |a электронный ресурс 
610 1 |a труды учёных ТПУ 
610 1 |a механическая активация 
610 1 |a свойства 
610 1 |a спеченные материалы 
610 1 |a железо-титановые сплавы 
610 1 |a порошковые смеси 
610 1 |a микротвердость 
610 1 |a пористость 
610 1 |a спекание 
700 0 |a Мань Диэр 
701 1 |a Мячин  |b Ю. В.  |c специалист в области материаловедения  |c ассистент кафедры Томского политехнического университета  |f 1976-  |g Юрий Владимирович  |3 (RuTPU)RU\TPU\pers\26545  |9 12234 
712 0 2 |a Национальный исследовательский Томский политехнический университет  |b Инженерная школа новых производственных технологий  |b Отделение материаловедения  |3 (RuTPU)RU\TPU\col\23508 
801 2 |a RU  |b 63413507  |c 20221213  |g RCR 
856 4 |u http://earchive.tpu.ru/handle/11683/74162 
942 |c BK